| 000 | 00979nam a2200277Ia 4500 | ||
|---|---|---|---|
| 003 | OSt | ||
| 005 | 20220923211209.0 | ||
| 006 | a|||||r|||| 00| 0 | ||
| 007 | ta | ||
| 008 | 220922b |||||||| |||| 00| 0 san d | ||
| 020 |
_a9788120832688 (pbk) _c225 |
||
| 024 | _a285,428 | ||
| 037 |
_b85, 28/03/2015, Motilal Banarsidass Publishers Pvt. Ltd. _cTextual |
||
| 040 |
_aARTS _cARTS _bsan |
||
| 041 |
_2san _asan |
||
| 082 | _aR625x8,1,1, 15P7 | ||
| 100 | _aभट्ट, अन्नं | ||
| 245 | 0 | _aतर्कसंग्रह | |
| 246 | _aTarkasangraha | ||
| 250 | _aसंशोधित संस्करण | ||
| 260 |
_aदिल्ली _b मोतीलाल बनारसीदास _c2007 |
||
| 300 |
_a283पृ0 _ccm. |
||
| 650 | _aभारतीय दर्शन | ||
| 942 |
_hR625x8,1,1, 15P7 _cTEXL _2CC |
||
| 999 |
_c296689 _d296689 |
||